000 00487nam a2200181Ia 4500
001 21452
008 171109s1928 ii a g b000 u 465 u
082 _a331.23
100 _aVale, William L. .
245 0 _aThe Principles of Wages /
_cWilliam L. Vale.
_hTextual Documents
250 _a1st ed. /
260 _aLondon :
_bP. S. King & Son, Ltd. ,
_c1928.
300 _axi,139p. :
_bill ;
_c23cm .
504 _aBib.
653 _aT/G- Economics
653 _aWages
942 _2ddc
_cBK
999 _c21434
_d21434